|
|
|
|
| LEADER |
01527nam a22003853i 4500 |
| 001 |
EBC7245313 |
| 003 |
MiAaPQ |
| 005 |
20231204023229.0 |
| 006 |
m o d | |
| 007 |
cr cnu|||||||| |
| 008 |
231204s2022 xx o ||||0 eng d |
| 020 |
|
|
|a 9781000554953
|q (electronic bk.)
|
| 020 |
|
|
|z 9780367775919
|
| 035 |
|
|
|a (MiAaPQ)EBC7245313
|
| 035 |
|
|
|a (Au-PeEL)EBL7245313
|
| 035 |
|
|
|a (OCoLC)1378937128
|
| 040 |
|
|
|a MiAaPQ
|b eng
|e rda
|e pn
|c MiAaPQ
|d MiAaPQ
|
| 082 |
0 |
|
|a 307.76094/071
|
| 100 |
1 |
|
|a Nevola, Fabrizio.
|
| 245 |
1 |
0 |
|a Hidden Cities :
|b Urban Space, Geolocated Apps and Public History in Early Modern Europe.
|
| 250 |
|
|
|a 1st ed.
|
| 264 |
|
1 |
|a Milton :
|b Taylor & Francis Group,
|c 2022.
|
| 264 |
|
4 |
|c Ã2022.
|
| 300 |
|
|
|a 1 online resource (273 pages)
|
| 336 |
|
|
|a text
|b txt
|2 rdacontent
|
| 337 |
|
|
|a computer
|b c
|2 rdamedia
|
| 338 |
|
|
|a online resource
|b cr
|2 rdacarrier
|
| 588 |
|
|
|a Description based on publisher supplied metadata and other sources.
|
| 590 |
|
|
|a Electronic reproduction. Ann Arbor, Michigan : ProQuest Ebook Central, 2023. Available via World Wide Web. Access may be limited to ProQuest Ebook Central affiliated libraries.
|
| 655 |
|
4 |
|a Electronic books.
|
| 700 |
1 |
|
|a Rosenthal, David.
|
| 700 |
1 |
|
|a Terpstra, Nicholas.
|
| 776 |
0 |
8 |
|i Print version:
|a Nevola, Fabrizio
|t Hidden Cities
|d Milton : Taylor & Francis Group,c2022
|z 9780367775919
|
| 797 |
2 |
|
|a ProQuest (Firm)
|
| 856 |
4 |
0 |
|u https://ebookcentral.proquest.com/lib/matrademy/detail.action?docID=7245313
|z Click to View
|